000 00501aam a2200205 4500
005 20250519110506.0
008 150603b xxu||||| |||| 00| 0 spa d
020 _a9780140623222
041 _aING
082 _a891.62 W672p
100 _aWilde, Oscar
_922541
245 _aThe picture of Dorian Gray
260 _aEstados Unidos
260 _bPenguin Books
260 _c1994
300 _a256 páginas
650 _aLITERATURA IRLANDESA
650 _aNOVELA IRLANDESA
942 _cLIT
_2ddc
999 _c11549
_d11549